Samajtattwa parichay (Part II)/ (Record no. 11754)

MARC details
000 -LEADER
fixed length control field 00581nam a22002057a 4500
005 - DATE AND TIME OF LATEST TRANSACTION
control field 20240223120858.0
008 - FIXED-LENGTH DATA ELEMENTS--GENERAL INFORMATION
fixed length control field 240223b ||||| |||| 00| 0 eng d
020 ## - INTERNATIONAL STANDARD BOOK NUMBER
International Standard Book Number 9789358491487
040 ## - CATALOGING SOURCE
Original cataloging agency IN-DiNC
Transcribing agency IN-DiNC
041 ## - LANGUAGE CODE
Language code of sung or spoken text Assamese
082 ## - DEWEY DECIMAL CLASSIFICATION NUMBER
Classification number 301
Item number BHU
100 ## - MAIN ENTRY--PERSONAL NAME
Personal name Bhuyan, Dilip Kumar
Relator term Author
245 ## - TITLE STATEMENT
Title Samajtattwa parichay (Part II)/
Statement of responsibility, etc. by Dilip Kumar Bhuyan and Prasanta Phukan
250 ## - EDITION STATEMENT
Edition statement 1st ed.
260 ## - PUBLICATION, DISTRIBUTION, ETC.
Place of publication, distribution, etc. Dibrugarh:
Name of publisher, distributor, etc. Banalata,
Date of publication, distribution, etc. 2024.
300 ## - PHYSICAL DESCRIPTION
Extent 311p.
650 ## - SUBJECT ADDED ENTRY--TOPICAL TERM
Topical term or geographic name entry element Introduction to sociology II
700 ## - ADDED ENTRY--PERSONAL NAME
Personal name Phukan, Prasanta
Relator term Author
942 ## - ADDED ENTRY ELEMENTS (KOHA)
Source of classification or shelving scheme Dewey Decimal Classification
Koha item type Books
Holdings
Withdrawn status Lost status Source of classification or shelving scheme Damaged status Not for loan Collection code Home library Current library Shelving location Date acquired Cost, normal purchase price Total Checkouts Full call number Barcode Date last seen Date last checked out Copy number Price effective from Koha item type
    Dewey Decimal Classification     Sociology Central Library, Naharkatiya College Central Library, Naharkatiya College General Stacks 23/02/2024 350.00 10 301 BHU 29942 13/02/2026 05/01/2026 1 23/02/2024 Books
    Dewey Decimal Classification     Sociology Central Library, Naharkatiya College Central Library, Naharkatiya College General Stacks 23/02/2024 350.00 6 301 BHU 29943 23/12/2025 16/12/2025 2 23/02/2024 Books
    Dewey Decimal Classification     Sociology Central Library, Naharkatiya College Central Library, Naharkatiya College General Stacks 23/02/2024 350.00 7 301 BHU 29944 05/04/2025 21/03/2025 3 23/02/2024 Books
    Dewey Decimal Classification     Sociology Central Library, Naharkatiya College Central Library, Naharkatiya College General Stacks 23/02/2024 350.00 7 301 BHU 29945 22/04/2026 25/03/2026 4 23/02/2024 Books
    Dewey Decimal Classification     Sociology Central Library, Naharkatiya College Central Library, Naharkatiya College General Stacks 23/02/2024 350.00 6 301 BHU 29946 23/12/2025 12/12/2025 5 23/02/2024 Books

Naharkatiya College © 2020. All rights reserved.

Powered By